[Event "Svein Johannessen Mem"]
[Site "Oslo NOR"]
[Date "2008.06.27"]
[Round "1"]
[White "Gabrielsen,T"]
[Black "Wicklund Hansen,R"]
[Result "1-0"]
[WhiteElo "2265"]
[BlackElo "1886"]

1.e4 d5 2.exd5 Qxd5 3.Nc3 Qd6 4.d4 a6 5.g3 Nf6 6.Bg2 Nc6 7.Bf4 Qb4 8.Ne2 Bg4
9.O-O O-O-O 10.a3 Qa5 11.d5 e5 12.b4 Qb6 13.Be3 Nd4 14.f3 Bf5 15.Nxd4 Nxd5
16.Nxd5 Rxd5 17.Nxf5  1-0

[Event "Svein Johannessen Mem"]
[Site "Oslo NOR"]
[Date "2008.06.28"]
[Round "3"]
[White "Kovachev,D"]
[Black "Wicklund Hansen,R"]
[Result "1-0"]
[WhiteElo "2189"]
[BlackElo "1886"]

1.e4 d5 2.exd5 Qxd5 3.Nc3 Qd6 4.d4 a6 5.Nf3 Nf6 6.Be3 Bg4 7.h3 Bh5 8.g4 Bg6
9.Ne5 Nd5 10.Nxd5 Qxd5 11.f3 f6 12.Nxg6 hxg6 13.Bd3 f5 14.c4 Qe6 15.Kf2 Qf6
16.Qc2 Nc6 17.g5 Qd6 18.d5 Ne5 19.Be2 O-O-O 20.f4 Nd7 21.Bf3 e5 22.c5 Qe7
23.d6 Qe6 24.c6 bxc6 25.Qxc6  1-0

[Event "International Open"]
[Site "Philadelphia USA"]
[Date "2008.06.28"]
[Round "5"]
[White "Meera,S"]
[Black "MacKinnon,K"]
[Result "0-1"]
[WhiteElo "2227"]
[BlackElo "2029"]

1.e4 d5 2.exd5 Qxd5 3.Nc3 Qd6 4.d4 Nf6 5.Bc4 a6 6.Nf3 Bg4 7.h3 Bh5 8.g4 Bg6
9.Ne5 Nc6 10.Nxg6 hxg6 11.Be3 e6 12.Qe2 Nxd4 13.Bxd4 Qxd4 14.g5 Bb4 15.Rd1 Bxc3+
16.bxc3 Qe4 17.gxf6 Qxh1+ 18.Kd2 Rd8+ 19.Bd3 Qxh3 20.fxg7 Qh6+  0-1

[Event "White Nights Open"]
[Site "St Petersburg RUS"]
[Date "2008.06.28"]
[Round "8"]
[White "Donskov,Ana"]
[Black "Lukinov,P"]
[Result "1-0"]
[WhiteElo "2066"]
[BlackElo "2327"]

1.e4 d5 2.exd5 Qxd5 3.Nc3 Qd6 4.d4 Nf6 5.Nf3 Bg4 6.Be2 a6 7.Be3 Nc6 8.Qd2 e6
9.O-O-O O-O-O 10.h3 Bh5 11.g4 Bg6 12.Nh4 e5 13.Nxg6 hxg6 14.d5 Nb4 15.Bc4 Qe7
16.Qe2 c6 17.dxc6 Nxc6 18.Rxd8+ Qxd8 19.Bxf7 Bb4 20.Qc4 Bxc3 21.Qxc3 Nd5
22.Qc5 Nxe3 23.Qxe3 Kb8 24.Bxg6 Qd5 25.Be4 Qxa2 26.Bxc6 Qa1+ 27.Kd2 Qa5+
28.Ke2 bxc6 29.Rd1 Qb5+ 30.Rd3 Rd8 31.b3 Rd4 32.c4 Qa5 33.Kf1 Kb7 34.Rxd4 Qa1+
35.Rd1 Qxd1+ 36.Kg2 e4 37.c5 a5 38.Qc3 Ka6 39.Qc4+ Kb7 40.Qf7+ Ka6 41.Qc7 Qxb3
42.Qxc6+ Ka7 43.Qd7+ Kb8 44.Qd8+ Kb7 45.Qxa5 Qf3+ 46.Kg1 Qd1+ 47.Kh2 e3 48.c6+ Kxc6
49.Qc3+ Kd6 50.Qxe3 Qa1 51.f4 Kd7 52.Kg3 g6 53.h4 Qa5 54.Kh3 Qd5 55.Kg3 Qa5
56.Qd4+ Ke6 57.Qe4+ Kf6 58.g5+ Kf7 59.h5 gxh5 60.Kh4 Qc3 61.Qf5+ Kg8 62.Kxh5 Qh8+
63.Kg4 Qh1 64.Qe6+ Kg7 65.Qh6+ Qxh6 66.gxh6+ Kxh6 67.Kf5 Kg7 68.Ke6 Kh8 69.Kf6  1-0

[Event "Svein Johannessen Mem"]
[Site "Oslo NOR"]
[Date "2008.06.29"]
[Round "4"]
[White "Hansen,LH"]
[Black "Soreng,E"]
[Result "1-0"]
[WhiteElo "2072"]
[BlackElo "1794"]

1.e4 d5 2.exd5 Qxd5 3.Nc3 Qd6 4.d4 Nf6 5.Nf3 a6 6.g3 b5 7.Bg2 Bb7 8.O-O e6
9.Bf4 Qb6 10.Re1 Be7 11.Qe2 O-O 12.Rad1 Re8 13.Ne5 Bxg2 14.Kxg2 Qb7+ 15.f3 Nd5
16.Nxd5 Qxd5 17.Qe4 c6 18.b3 Bb4 19.Re2 Rd8 20.Qd3 c5 21.dxc5 Bxc5 22.Qxd5 exd5
23.Nd3 Bf8 24.Bc7 Rd7 25.Bb6 Nc6 26.Nf4 d4 27.c3 Rb8 28.Bxd4 Bb4 29.Red2 Rbd8
30.Kf2 Bc5 31.Rd3 Nxd4 32.cxd4 Rxd4 33.Rxd4 Rxd4 34.Rxd4 Bxd4+ 35.Ke2 Kf8
36.g4 a5 37.Kd3 Be5 38.Ke4 Bc7 39.a3 Ke7 40.Nd5+ Kd6 41.Nxc7 Kxc7 42.Kd5 Kb6
43.Kd6  1-0

[Event "Svein Johannessen Mem"]
[Site "Oslo NOR"]
[Date "2008.06.29"]
[Round "4"]
[White "Torgersen,T"]
[Black "Wicklund Hansen,R"]
[Result "1/2-1/2"]
[WhiteElo "2076"]
[BlackElo "1886"]

1.e4 d5 2.exd5 Qxd5 3.Nc3 Qd6 4.Nf3 a6 5.d4 Nf6 6.g3 Bg4 7.Bg2 Nc6 8.O-O O-O-O
9.Be3 e5 10.dxe5 Nxe5 11.Qxd6 Bxd6  1/2-1/2

[Event "TCh-TUR"]
[Site "Kocaeli TUR"]
[Date "2008.07.01"]
[Round "13"]
[White "Kinsiz,O"]
[Black "Esen,B"]
[Result "1/2-1/2"]
[WhiteElo "2219"]
[BlackElo "2451"]

1.e4 d5 2.exd5 Qxd5 3.Nc3 Qd6 4.d4 Nf6 5.Nf3 g6 6.Bc4 Bg7 7.Ne5 O-O 8.O-O a6
9.Re1 Nc6 10.Nxc6 Qxc6 11.Be2 Qd6 12.Bf3 c6 13.Bg5 Be6 14.Qd2 Rad8 15.Rad1 b5
16.Bxf6 Bxf6 17.Ne4 Qxd4 18.Qa5 Qa4 19.Nxf6+ exf6 20.Qxa4 bxa4 21.Bxc6 Rb8
22.b3 Rfc8 23.Be4 f5 24.Bd3 Rc5 25.bxa4 Rb4 26.Bxa6 Rxa4 27.Bd3 Rxa2 28.Ra1 Rcxc2
29.Bxc2 Rxc2 30.Rec1 Rd2 31.Rd1 Rc2 32.Rac1 Rb2 33.Rb1 Rc2 34.Rdc1 Rd2  1/2-1/2

[Event "XII Izmailov Mem"]
[Site "Tomsk RUS"]
[Date "2008.07.01"]
[Round "7"]
[White "Tologontegin,S"]
[Black "Belmeskin,I"]
[Result "1-0"]
[WhiteElo "2388"]
[BlackElo "2195"]

1.e4 d5 2.exd5 Qxd5 3.Nc3 Qd6 4.d4 Nf6 5.Nf3 a6 6.g3 Bg4 7.Bg2 Nc6 8.Be3 O-O-O
9.Qe2 Qb4 10.O-O-O e6 11.h3 Bh5 12.Kb1 Qa5 13.g4 Bg6 14.Nh4 Bb4 15.Nxg6 hxg6
16.Ne4 Qd5 17.c4 Qd7 18.Nxf6 gxf6 19.c5 Na7 20.a3 Ba5 21.b4 Qa4 22.Qb2 Nb5
23.Rd3 e5 24.Bf3 exd4 25.Bd2 Rhe8 26.Rc1 c6 27.bxa5 Nc3+ 28.Bxc3 dxc3 29.Rxd8+ Rxd8
30.Qb4 Qxb4+ 31.axb4 Rd3 32.Be2 Rxh3 33.Kc2 Rh2 34.Rf1 Rh3 35.f3 Rh2 36.Re1  1-0

[Event "Volga Cup IM"]
[Site "Kostroma RUS"]
[Date "2008.07.03"]
[Round "2"]
[White "Vorontsov,N"]
[Black "Yarysh,G"]
[Result "1/2-1/2"]
[WhiteElo "2289"]
[BlackElo "2304"]

1.e4 d5 2.exd5 Qxd5 3.Nc3 Qd8 4.Nf3 Bg4 5.h3 Bxf3 6.Qxf3 c6 7.Bc4 e6 8.O-O Nf6
9.Ne4 Nbd7 10.Nxf6+ Qxf6 11.Qxf6 Nxf6 12.d4 Be7 13.c3 Nd5 14.Bb3 Bf6 15.Re1  1/2-1/2

[Event "DOBA as GM CUP"]
[Site "Mlada Boleslav CZE"]
[Date "2008.07.03"]
[Round "9"]
[White "Klovans,J"]
[Black "Kantans,T"]
[Result "1/2-1/2"]
[WhiteElo "2428"]
[BlackElo "2148"]

1.e4 d5 2.exd5 Qxd5 3.Nc3 Qd6 4.d4 Nf6 5.Nf3 a6 6.Be3 Bf5 7.Bd3 Bxd3 8.Qxd3 Nc6
9.O-O e6 10.Rad1 Be7 11.Ne4 Nxe4 12.Qxe4 Qd5 13.Qxd5 exd5 14.Bf4 O-O-O 15.Rfe1 Rhe8
16.Kf1 Bf6 17.c3  1/2-1/2

[Event "XVII Burgas Open"]
[Site "Ourense ESP"]
[Date "2008.07.03"]
[Round "1"]
[White "Mateus,F"]
[Black "Milchev,N"]
[Result "0-1"]
[WhiteElo "1806"]
[BlackElo "2356"]

1.e4 d5 2.exd5 Qxd5 3.Nc3 Qd6 4.d4 Nf6 5.g3 c6 6.Bg2 Bg4 7.Nf3 e6 8.O-O Qc7
9.Bf4 Bd6 10.Bxd6 Qxd6 11.Re1 Nbd7 12.a4 a5 13.h3 Bxf3 14.Bxf3 O-O 15.Ne4 Nxe4
16.Bxe4 Nf6 17.c3 Rfd8 18.Qb3 Qe7 19.Bg2 Rd7 20.Re5 Rd6 21.Rae1 Nd7 22.R5e2 Rb8
23.Qc2 b5 24.axb5 cxb5 25.Qe4 b4 26.cxb4 Rxb4 27.Rc2 Qd8 28.Rec1 Nf6 29.Qe3 Rb8
30.Bb7 Qb6 31.Bg2 Rbd8 32.Rd1 h6 33.Rcd2 Nd5 34.Bxd5 Rxd5 35.Qc3 Qd6 36.Ra1 Qb6
37.Rad1 Qb5 38.Kg2 a4 39.Kg1 Qd7 40.Kf1 e5 41.Kg2 exd4 42.Qa3 d3 43.Ra1 Rd4
44.Rad1 Qd5+ 45.Kg1 Re8 46.Qc3 Rd8 47.Qa3 h5 48.Re1 Qf5 49.h4 Re4 50.Red1 Qf3
51.Qc5 Rde8 52.Qc1 Re2 53.Rf1 Rxd2 54.Qxd2 Re2 55.Qc3 Rc2 56.Qe5 d2 57.Qe8+ Kh7
58.Qd7 f5 59.Qd4 Qe4 60.Qxe4 fxe4 61.Rb1 Rc1+  0-1

[Event "7th Open"]
[Site "La Fere FRA"]
[Date "2008.07.06"]
[Round "2"]
[White "Sanduleac,V"]
[Black "Pytel,K"]
[Result "1/2-1/2"]
[WhiteElo "2466"]
[BlackElo "2391"]

1.e4 d5 2.exd5 Qxd5 3.Nc3 Qd6 4.d4 Nf6 5.Nf3 c6 6.Ne5 Nbd7 7.Nc4 Qc7 8.Qf3 Nb6
9.Bf4 Qd7 10.O-O-O Qg4 11.Qxg4 Bxg4 12.f3 Be6 13.Nxb6 axb6 14.a3 O-O-O 15.Be2 g6
16.Be5 Bh6+ 17.Kb1 Rhe8 18.h4 b5 19.h5 Bf8 20.Ne4 Bd5 21.Bd3 Nd7 22.Bg3 Bg7
23.Nc3 Nb6 24.hxg6 hxg6 25.Rh7 Rg8 26.Re1 Rd7 27.Be5 Bxe5 28.dxe5 e6 29.Reh1 Kc7
30.b3 Re7 31.Kb2 Nd7 32.Re1 Kb6 33.Rh4 g5 34.Rh6 Nc5 35.Be2 g4 36.Nxd5+ cxd5
37.f4 Ne4 38.Bd3 Nc5 39.Rd1 g3 40.Be2 Rg6 41.Rh7 Rg8 42.Rh6 Na6 43.Rxd5 Nc7
44.Rd6+ Ka7 45.Bf3 Rg6 46.Rh7 Rg8 47.Rd3 Na6 48.Bh5 Nc5 49.Rf3 Rd7 50.Bxf7 Rf8
51.Bg6 Rd2 52.Rxg3 Rxf4 53.Rf7 Rh4 54.Rgf3 Kb6 55.g3 Rg4 56.R7f6 Rg5 57.Re3 Rd5
58.Bf7 Rdxe5 59.Rxe5 Rxe5 60.g4 Kc7 61.Be8 Ne4 62.Rf4 Nd6 63.Bg6 Rg5 64.Rf6  1/2-1/2

[Event "7th Open"]
[Site "La Fere FRA"]
[Date "2008.07.07"]
[Round "3"]
[White "Afek,Y"]
[Black "Demeestere,L"]
[Result "1-0"]
[WhiteElo "2321"]
[BlackElo "1941"]

1.e4 d5 2.exd5 Qxd5 3.Nc3 Qd6 4.d4 Nf6 5.Be2 c6 6.Nf3 Bg4 7.h3 Bxf3 8.Bxf3 e6
9.O-O Be7 10.Ne2 Qc7 11.c4 O-O 12.Qc2 Nbd7 13.Be3 Rfd8 14.Rfd1 Nf8 15.Rac1 Rac8
16.Qa4 b6 17.b4 Qd7 18.a3 c5 19.Qb3 Qc7 20.Nc3 cxb4 21.axb4 Qxc4 22.Qxc4 Rxc4
23.Nb5 Rxc1 24.Rxc1 Bxb4 25.Nxa7 Bd6 26.Nc8 Nd5 27.Bxd5 exd5 28.Nxd6 Rxd6
29.Rc8 f5 30.Bd2 Rf6 31.Rd8 Kf7 32.Rxd5 g6 33.Kf1 Re6 34.Bb4 Re4 35.f3 Re6
36.Kf2 Ke8 37.Rb5 Nd7 38.d5 Re5 39.Bd6 Re7 40.Bxe7 Kxe7 41.Ke3 Kd6 42.Kd4 h5
43.h4 Ke7 44.Rb1 Kd6 45.Rb2 Kc7 46.Rc2+  1-0

[Event "XXXI Open"]
[Site "Barbera del Valles ESP"]
[Date "2008.07.08"]
[Round "4"]
[White "Perpinya Rofes,L"]
[Black "Avila Jimenez,J"]
[Result "1-0"]
[WhiteElo "2385"]
[BlackElo "2286"]

1.e4 d5 2.exd5 Qxd5 3.Nc3 Qd6 4.d4 Nf6 5.Nf3 a6 6.Ne5 Nc6 7.Bf4 Nxd4 8.Bc4 Be6
9.Bxe6 Nxe6 10.Qf3 Nxf4 11.Qxf4 e6 12.O-O Be7 13.Ne4 Qb4 14.Rfe1 O-O 15.c3 Qb5
16.a4 Qe8 17.Nxf6+ Bxf6 18.Ng4 Bd8 19.Rad1 f6 20.Qc4 b5 21.Qa2 Kh8 22.Rxe6 Qh5
23.Ne3 f5 24.axb5 Bg5 25.Qb3 f4 26.Nf1 f3 27.Ng3 Qf7 28.gxf3 Qxf3 29.Rf1 h5
30.Qd5 axb5 31.Qxf3 Rxf3 32.Re5 Bh6 33.Rxb5 g6 34.Re5 Raf8 35.Rc5 R8f7 36.Rc6 Kh7
37.Ne4 R3f4 38.Re1 Rg4+ 39.Kf1 Kg7 40.h3 Rgf4 41.Re2 g5 42.Ng3 Kh7 43.Nxh5 Rf3
44.Kg2 Bf8 45.Rxc7 Bd6 46.Rxf7+ Rxf7 47.Re6 Bc5 48.b4 Bf8 49.Rf6  1-0

[Event "ch-IRL"]
[Site "Dublin IRL"]
[Date "2008.07.08"]
[Round "4"]
[White "Healy,J"]
[Black "Jeffares,S"]
[Result "1-0"]
[WhiteElo "1864"]
[BlackElo "2111"]

1.e4 d5 2.exd5 Qxd5 3.Nc3 Qd6 4.d4 Nf6 5.Bc4 a6 6.Nge2 b5 7.Bb3 e6 8.Bf4 Qd8
9.f3 Bb7 10.Qd2 c5 11.dxc5 Qxd2+ 12.Bxd2 Nbd7 13.c6 Bxc6 14.Nd4 Bb7 15.a3 Be7
16.O-O-O O-O 17.Be1 Ne5 18.Bh4 Nc6 19.Nce2 Na5 20.Ba2 Kh8 21.Rhe1 Rac8 22.Nf4 Nc4
23.Nf5 Bd8 24.Bxc4 Rxc4 25.Nd6 Rxf4 26.Bg3 Bxf3 27.gxf3 Rxf3 28.Nxf7+ Rxf7
29.Rxd8+ Ng8 30.Rxe6 Rf8 31.Rxf8 Rxf8 32.Rxa6 h6 33.Rb6 Rf5 34.Rc6 Nf6 35.c4 Ne4
36.cxb5 Rxb5 37.Rc4 Nc5 38.b4 Na4 39.Bc7 Kh7 40.Kc2 Rb7 41.Kb3 Nb6 42.Bxb6 Rxb6
43.a4  1-0

[Event "IV Open"]
[Site "Alajuela CRC"]
[Date "2008.07.09"]
[Round "1"]
[White "Campos,Ro"]
[Black "Tiviakov,S"]
[Result "0-1"]
[WhiteElo "2098"]
[BlackElo "2645"]

1.e4 d5 2.exd5 Qxd5 3.Nc3 Qd6 4.d4 Nf6 5.Nf3 c6 6.Bg5 Bg4 7.Be2 Nbd7 8.Qd2 e6
9.Bf4 Qb4 10.a3 Qb6 11.O-O Be7 12.Na4 Qd8 13.c4 O-O 14.Rfd1 Nb6 15.Nxb6 axb6
16.h3 Bf5 17.Qe3 Re8 18.Qb3 Ne4 19.Be3 Qc7 20.Nd2 Nd6 21.Rac1 c5 22.Bf3 Bf6
23.d5 e5 24.Nb1 Bxb1 25.Rxb1 e4 26.Bg4 g6 27.Bf4 Be5 28.Bxe5 Rxe5 29.Qc3 Qe7
30.f4 exf3 31.Bxf3 Re8 32.Qb3 Re3 33.Rd3 Re1+ 34.Rxe1 Qxe1+ 35.Kh2 b5 36.Rd1 Qe5+
37.Kg1 bxc4 38.Qb6 Rc8 39.a4 h5 40.a5 Kg7 41.Kh1 Qf6 42.Re1 Qd8 43.Qxd8 Rxd8
44.Re7 Kf6 45.Rc7 Ke5 46.Rxc5 Rd7 47.a6 bxa6 48.Rc6 Ra7 49.Kg1 a5 50.Kf1 Rb7
51.Ra6 Rxb2 52.Rxa5 c3 53.Rc5 c2 54.Ke1 Kd4  0-1

[Event "XXXI Open"]
[Site "Barbera del Valles ESP"]
[Date "2008.07.09"]
[Round "5"]
[White "Sanchez Romero,M"]
[Black "Moreto Quintana,A"]
[Result "1-0"]
[WhiteElo "2259"]
[BlackElo "2124"]

1.e4 d5 2.exd5 Qxd5 3.Nc3 Qd6 4.d4 Nf6 5.Nf3 a6 6.g3 Bg4 7.Bg2 Nc6 8.Bf4 Qb4
9.O-O O-O-O 10.a3 Qc4 11.h3 Rxd4 12.Qe1 Bxf3 13.Bxf3 Rd8 14.b3 Nd4 15.Bxb7+ Kxb7
16.bxc4 Nf3+ 17.Kg2 Nxe1+ 18.Rfxe1 e6 19.Rab1+ Kc6 20.Re5 Bc5 21.Rg5 Rhg8
22.Na4 Bxa3 23.Ra5 Ra8 24.Be3 Be7 25.Nc5 Nd7 26.Nxa6 Nb6 27.c5 Nd5 28.Bd4 Rgd8
29.c4 Nf4+ 30.gxf4 Rxd4 31.Nb4+ Kd7 32.c6+ Ke8 33.Rxa8+ Bd8 34.Nc2 Rxc4 35.Rbb8 Rxc2
36.Rxd8+ Ke7 37.Rd7+ Kf6 38.Rf8  1-0

[Event "Maestro Open"]
[Site "Berdsk RUS"]
[Date "2008.07.11"]
[Round "4"]
[White "Fadeev,S"]
[Black "Belmeskin,I"]
[Result "1-0"]
[WhiteElo "2126"]
[BlackElo "2195"]

1.e4 d5 2.exd5 Qxd5 3.Nc3 Qd6 4.d4 Nf6 5.Bc4 a6 6.Nge2 b5 7.Bd3 Bb7 8.Bf4 Qb6
9.O-O e6 10.Ng3 Nbd7 11.Nce4 Be7 12.c3 O-O 13.Qc2 Nd5 14.Bg5 Bxg5 15.Nxg5 h6
16.Nf3 c5 17.Ne5 Rfd8 18.Bh7+ Kf8 19.Nxf7 Kxf7 20.Qg6+ Ke7 21.Rfe1 N7f6 22.Qxg7+ Kd6
23.Rxe6+ Kxe6 24.Re1+  1-0

[Event "Kings Gambit B"]
[Site "Lipetsk RUS"]
[Date "2008.07.11"]
[Round "3"]
[White "Chulivska,V"]
[Black "Khalukov,Y"]
[Result "0-1"]
[WhiteElo "2238"]
[BlackElo "2309"]

1.e4 d5 2.exd5 Qxd5 3.Nc3 Qd6 4.d4 Nf6 5.Bb5+ c6 6.Bc4 Bg4 7.f3 Bf5 8.Nge2 Nbd7
9.Ng3 Bg6 10.f4 e6 11.f5 exf5 12.O-O O-O-O 13.Bf4 Qb4 14.Bb3 Nc5 15.Be5 Nfd7
16.Bf4 Ne6 17.Nce2 Nf6 18.c3 Qb6 19.Kh1 Nxf4 20.Nxf4 Bd6 21.Qf3 Ne4 22.Rad1 Nxg3+
23.Qxg3 Qc7 24.Qe3 Rde8 25.Qd2 Re4 26.g3 Rhe8 27.Bc4 Bxf4 28.Rxf4 Rxf4 29.gxf4 Qe7
30.Rf1 Qe4+ 31.Kg1 Bh5 32.Bd3 Qe6 33.h3 Kb8 34.a3 Qg6+ 35.Kf2 Qf6 36.Kg3 h6
37.Re1 Re6 38.Re5 Bg6 39.Bc4 Rxe5 40.dxe5 Qe7 41.Qd4 Bh7 42.e6 fxe6 43.Qe5+ Qc7
44.Bxe6 Qxe5 45.fxe5 g5 46.h4 Kc7 47.h5 Kd8 48.Kf3 Ke7 49.Bc4 f4 50.b4 Bf5
51.Bb3 Be6 52.Bxe6 Kxe6 53.Ke4 b5  0-1

[Event "60th ch-MNE Youth"]
[Site "Cetinje MNE"]
[Date "2008.07.12"]
[Round "6"]
[White "Srbis,J"]
[Black "Grdinic,P"]
[Result "1-0"]
[WhiteElo "2116"]
[BlackElo "1907"]

1.e4 d5 2.exd5 Qxd5 3.Nc3 Qd8 4.d4 c6 5.Nf3 e6 6.Bd3 Qc7 7.O-O Nd7 8.Re1 Ne7
9.Ne4 h6 10.c4 b6 11.a4 g5 12.a5 Rb8 13.axb6 axb6 14.Bd2 f5 15.Ne5 Nxe5 16.Nf6+ Kf7
17.dxe5 Bg7 18.Qh5+ Ng6 19.Bc3 Bxf6 20.exf6 Qd7 21.Bxf5 exf5 22.Re7+ Qxe7
23.fxe7 Rg8 24.Qxh6 Be6 25.Qxg5 Nxe7 26.Qf6+  1-0

[Event "Heart of Finland"]
[Site "Jyvaskyla FIN"]
[Date "2008.07.12"]
[Round "1"]
[White "Norri,J"]
[Black "Koskinen,V"]
[Result "1-0"]
[WhiteElo "2353"]
[BlackElo "1967"]

1.e4 d5 2.exd5 Qxd5 3.Nc3 Qd6 4.d4 Nf6 5.Nge2 a6 6.Bf4 Qd8 7.Qd2 e6 8.f3 Nbd7
9.g4 Nb6 10.Bg2 Be7 11.Rd1 Bd7 12.O-O Qc8 13.b3 Nbd5 14.Nxd5 Nxd5 15.Bg3 c5
16.c4 Nf6 17.d5 exd5 18.cxd5 O-O 19.Nc3 Rd8 20.h3 c4 21.bxc4 Qxc4 22.d6 Bc6
23.Ne4 Nxe4 24.fxe4 f6 25.Qf2 Bf8 26.g5 Bxe4 27.Rd4  1-0

[Event "Kings Gambit B"]
[Site "Lipetsk RUS"]
[Date "2008.07.12"]
[Round "4"]
[White "Pesotsky,V"]
[Black "Bazarov,K"]
[Result "1/2-1/2"]
[WhiteElo "2338"]
[BlackElo "2234"]

1.e4 d5 2.exd5 Qxd5 3.Nc3 Qd6 4.d4 a6 5.Nf3 Nf6 6.g3 Bg4 7.Bg2 Nc6 8.O-O O-O-O
9.d5 Ne5 10.Bf4 Nxf3+ 11.Bxf3 Bxf3 12.Qxf3 e5 13.dxe6 Qxe6 14.Bg5 Bb4 15.Rfe1 Qb6
16.Bxf6 gxf6 17.Nd5 Rxd5 18.Qxd5 Bxe1 19.Rxe1 Qxb2 20.Qxf7 Kb8 21.h4 Qxc2
22.Qxf6 Rg8 23.a3  1/2-1/2

[Event "Inautomarket Open"]
[Site "Minsk BLR"]
[Date "2008.07.12"]
[Round "3"]
[White "Popova,N"]
[Black "Karavaev,V"]
[Result "0-1"]
[WhiteElo "2230"]
[BlackElo "2477"]

1.e4 d5 2.exd5 Qxd5 3.Nc3 Qd8 4.d4 g6 5.Nf3 Nh6 6.Bc4 Nf5 7.Ne4 Bg7 8.c3 O-O
9.O-O Nd6 10.Bd3 Nd7 11.Bf4 Nxe4 12.Bxe4 c5 13.Re1 cxd4 14.cxd4 Nf6 15.Bd3 Bg4
16.Be5 Be6 17.Qa4 Qb6 18.Qa3 Rfe8 19.Rac1 a5 20.Bc4 Bxc4 21.Rxc4 Nd5 22.Bxg7 Kxg7
23.Rc5 e6 24.Ne5 Qb4 25.Qxb4 axb4 26.Nc4 Rxa2 27.g3 Rd8 28.Rd1 b6 29.Rb5 Rc8
30.Ne3 Nxe3 31.fxe3 Rxb2 32.e4 Rcc2 33.d5 Rg2+ 34.Kh1 Rxh2+ 35.Kg1 exd5 36.exd5 Rbg2+
37.Kf1 Rxg3 38.Rd4 Rc3 39.Kg1 Rb2 40.Rd1 Rg3+ 41.Kh1 Rh3+ 42.Kg1 Rhh2 43.Rxb4 Rxb4
44.Kxh2 Kf8 45.d6 Ke8 46.Re1+ Kd7 47.Re7+ Kxd6 48.Rxf7 Rh4+ 49.Kg3 Rh5 50.Rf1 b5
51.Rb1 Rf5 52.Rh1 h5 53.Kh4 b4 54.Rg1 Rf4+ 55.Kh3 Rg4 56.Rc1 b3 57.Rb1 Rb4
58.Kg3 b2 59.Kf3 Kd5 60.Ke3 Kc4  0-1

[Event "Heart of Finland"]
[Site "Jyvaskyla FIN"]
[Date "2008.07.13"]
[Round "4"]
[White "Rehn,R"]
[Black "Pohjala,H"]
[Result "1/2-1/2"]
[WhiteElo "2157"]
[BlackElo "2035"]

1.e4 d5 2.exd5 Qxd5 3.Nc3 Qd6 4.Nf3 Nf6 5.d4 a6 6.Ne5 Nc6 7.Bf4 Bf5 8.Bc4 e6
9.Nxc6 Qxc6 10.Be2 O-O-O 11.Bf3 Qb6 12.Ne2 Bd6  1/2-1/2

[Event "Inautomarket Open"]
[Site "Minsk BLR"]
[Date "2008.07.14"]
[Round "5"]
[White "Lanin,A"]
[Black "Potapov,Alexe"]
[Result "1-0"]
[WhiteElo "2456"]
[BlackElo "2329"]

1.e4 d5 2.exd5 Qxd5 3.Nc3 Qd6 4.d4 Nf6 5.Nf3 a6 6.g3 Bg4 7.Bg2 Nc6 8.O-O O-O-O
9.d5 Nb4 10.h3 Bxf3 11.Qxf3 Nbxd5 12.Rd1 e6 13.Ne4 Qc6 14.Nxf6 gxf6 15.Qb3 b5
16.a4 Qc4 17.Qf3 c6 18.axb5 axb5 19.Ra8+ Kd7 20.Rxd8+ Kxd8 21.Qxf6+  1-0

[Event "Heart of Finland"]
[Site "Jyvaskyla FIN"]
[Date "2008.07.15"]
[Round "6"]
[White "Hintikka,E"]
[Black "Pohjala,H"]
[Result "0-1"]
[WhiteElo "2151"]
[BlackElo "2035"]

1.e4 d5 2.exd5 Qxd5 3.Nc3 Qd6 4.d4 Nf6 5.Nf3 a6 6.Be2 Nbd7 7.O-O b5 8.Re1 Bb7
9.Ne5 e6 10.Bf3 Qb6 11.Nxd7 Nxd7 12.Bxb7 Qxb7 13.Qh5 g6 14.Qh4 Be7 15.Bg5 Bxg5
16.Qxg5 O-O 17.h4 Kg7 18.h5 Qc8 19.d5 e5 20.Rxe5 h6 21.Qg3 Nxe5 22.Qxe5+ f6
23.Qg3 g5 24.Re1 Re8 25.Rxe8 Qxe8 26.Qxc7+ Qf7 27.Qxf7+ Kxf7 28.a3 Ke7 29.Kf1 Kd6
30.Ke2 f5 31.f3 Ke5 32.Kd3 g4 33.Ke3 gxf3 34.gxf3 f4+ 35.Kd3 Rf8 36.b3 Rf5
37.d6 Kxd6 38.Ke4 Rxh5 39.Kxf4 Ke6 40.Ne4 a5 41.c4 a4 42.cxb5 axb3 43.Nc3 b2
44.a4 Rh1  0-1

[Event "Heart of Finland"]
[Site "Jyvaskyla FIN"]
[Date "2008.07.15"]
[Round "6"]
[White "Nyysti,S"]
[Black "Alho,S"]
[Result "1/2-1/2"]
[WhiteElo "2359"]
[BlackElo "2141"]

1.e4 d5 2.exd5 Qxd5 3.Nc3 Qd6 4.d4 c6 5.Nf3 Nf6 6.Be3 Bg4 7.h3 Bh5 8.g4 Bg6
9.Ne5 Nbd7 10.Nc4 Qc7 11.Qf3 Nb6 12.Nxb6 Qxb6 13.O-O-O e6 14.d5 Bc5 15.dxe6 Bxe3+
16.fxe3 fxe6 17.h4 O-O 18.Qe2 Nd5 19.Bg2 Qxe3+ 20.Rd2 Qxe2 21.Nxe2 Ne3 22.Ng3 Nxg4
23.Re1 Rad8 24.Rxd8 Rxd8 25.Rxe6 Re8 26.Rxe8+ Bxe8 27.Nf5 Bd7 28.Nd6 b6 29.a4 Kf8
30.a5 Ne3 31.axb6 axb6 32.Be4 Ke7 33.Nb7 Nd5 34.c4 Nf6 35.Bf3 h6 36.c5 bxc5
37.Nxc5 g5 38.hxg5 hxg5 39.Nxd7 Kxd7 40.Kd2 Kd6 41.Kc3 g4 42.Bh1 c5 43.Kc4 Nd7
44.Kd3 Ke5 45.Kc4 Kf4 46.Kd5 Kg3 47.Kd6 Nb6 48.Kxc5 Na4+ 49.Kd4 Nxb2 50.Ke3 Nc4+
51.Ke2 Nd6 52.Bc6 Nf5 53.Bd7 Kf4 54.Bxf5 Kxf5 55.Kf2 Kf4 56.Kg2 g3 57.Kg1 Kf3
58.Kf1 g2+ 59.Kg1 Kg3  1/2-1/2

[Event "Inautomarket Open"]
[Site "Minsk BLR"]
[Date "2008.07.16"]
[Round "7"]
[White "Frolochkin,V"]
[Black "Karavaev,V"]
[Result "0-1"]
[WhiteElo "2311"]
[BlackElo "2477"]

1.e4 d5 2.exd5 Qxd5 3.Nc3 Qd6 4.d4 Nf6 5.Bc4 a6 6.Nge2 Qc6 7.Bb3 Qxg2 8.Rg1 Qc6
9.Nf4 Qd6 10.Nfd5 Nxd5 11.Nxd5 c6 12.Bf4 Qe6+ 13.Ne3 Qe4 14.Bg5 h6 15.f3 Qg6
16.Nc4 hxg5 17.Ne5 Qf6 18.Bxf7+ Kd8 19.Qd2 Be6 20.Bxe6 Qxe6 21.O-O-O Qxa2
22.c4 Kc7 23.d5 Rh6 24.Rxg5 Rd6 25.Qc3 Nd7 26.Nf7 Rf6 27.dxc6 Rxc6 28.Ra5 Qxc4
29.Rxd7+ Kb6 30.Ra3 Qxf7 31.Rb3+  0-1

[Event "ch-SUI"]
[Site "Samnaun SUI"]
[Date "2008.07.16"]
[Round "7"]
[White "Landenbergue,C"]
[Black "Ekstroem,R"]
[Result "1/2-1/2"]
[WhiteElo "2435"]
[BlackElo "2469"]

1.e4 d5 2.exd5 Qxd5 3.Nc3 Qd6 4.d4 c6 5.Nf3 Bg4 6.Be2 Nf6 7.Be3 Nbd7 8.Nd2 Bxe2
9.Qxe2 e6 10.O-O-O Qc7 11.Nce4 Be7 12.Kb1 O-O 13.Nxf6+ Nxf6 14.Bg5 Rfd8 15.Nf3 b5
16.Rd3 a6 17.Rhd1 Rd5 18.Rc1 Rc8 19.c4 bxc4 20.Rxc4 Qb7 21.Qc2 h6  1/2-1/2

[Event "19th Czech Open Synthesia Rapid"]
[Site "Pardubice CZE"]
[Date "2008.07.17"]
[Round "7"]
[White "Kanovsky,D"]
[Black "Epishin,V"]
[Result "0-1"]
[WhiteElo "2409"]
[BlackElo "2574"]

1.e4 d5 2.exd5 Qxd5 3.Nc3 Qd6 4.d4 Nf6 5.Nge2 Bf5 6.Bf4 Qd7 7.Ng3 Bg6 8.Bd3 e6
9.Nce4 Nc6 10.c3 O-O-O 11.Qe2 Nd5 12.Bd2 e5 13.Bb5 exd4 14.cxd4 f5 15.f3 fxe4
16.fxe4 Bb4 17.O-O Rhe8 18.Bg5 Be7 19.Bd2 Bf6 20.e5 Kb8 21.Qf3 Bh4 22.Ne2 a6
23.a4 Rf8 24.Qa3 Rxf1+ 25.Rxf1 Be7 26.b4 Nb6 27.Bc3 axb5 28.axb5 Na7  0-1

[Event "XIII Open"]
[Site "Balaguer ESP"]
[Date "2008.07.18"]
[Round "5"]
[White "Kasparov,S"]
[Black "Ramon Perez,J"]
[Result "1-0"]
[WhiteElo "2486"]
[BlackElo "2311"]

1.e4 d5 2.exd5 Qxd5 3.Nc3 Qd6 4.d4 Nf6 5.Nf3 a6 6.g3 Nc6 7.Bf4 Qb4 8.a3 Qb6
9.d5 Ng4 10.Qd2 e5 11.dxc6 exf4 12.O-O-O Bd6 13.Re1+ Be6 14.Nd5 Qxc6 15.Bg2 O-O-O
16.Nd4 Qc4 17.Nxe6 fxe6 18.Rxe6 Ne5 19.Nb6+ cxb6 20.Rxd6 f3 21.Bh3+ Kc7 22.Rd1 Qa2
23.Qc3+ Nc4 24.Qxg7+ Kb8 25.Rxd8+ Ka7 26.b3 Qxa3+ 27.Kb1 Rxd8 28.Rxd8 Qb4
29.Qd4 Qe1+ 30.Qd1 Qb4 31.Rd4 Na3+ 32.Kb2 Qf8 33.Bf1  1-0

[Event "Heart of Finland"]
[Site "Jyvaskyla FIN"]
[Date "2008.07.18"]
[Round "9"]
[White "Verkasalo,T"]
[Black "Koskinen,V"]
[Result "1-0"]
[WhiteElo "2097"]
[BlackElo "1967"]

1.e4 d5 2.exd5 Qxd5 3.Nc3 Qd6 4.d4 Nf6 5.g3 Bg4 6.f3 Bf5 7.Bd3 Bxd3 8.Qxd3 c6
9.Bf4 Qd8 10.O-O-O e6 11.Ne4 Be7 12.Ne2 Na6 13.Kb1 Nb4 14.Qb3 a5 15.a3 a4
16.Nxf6+ gxf6 17.Qc4 Qd5 18.Qxd5 Nxd5 19.c4 Nb6 20.Rc1 Kd7 21.Be3 Ra6 22.Rhd1 Rc8
23.g4 Ke8 24.Ng3 Rd8 25.Ne4 Kf8 26.Ka2 Kg7 27.h4 Rd7 28.Ng3 Rd8 29.Nh5+ Kg6
30.Nf4+ Kg7 31.Nh5+ Kg6 32.Ng3 Rd7 33.h5+ Kg7 34.h6+ Kf8 35.Ne4 f5 36.gxf5 exf5
37.Ng3 f6 38.Nxf5 Kf7 39.Rg1 Bf8 40.Rc2 Ke6 41.Ng3 Re7 42.Ne4 Nd7 43.Re2 Rf7
44.Bd2  1-0

[Event "19th Czech Chladek & Tintera A Open"]
[Site "Pardubice CZE"]
[Date "2008.07.18"]
[Round "1"]
[White "Matvienko,I"]
[Black "Stopa,Ja"]
[Result "0-1"]
[WhiteElo "2241"]
[BlackElo "2440"]

1.e4 d5 2.exd5 Qxd5 3.Nc3 Qd6 4.g3 Nf6 5.Bg2 c6 6.d4 Bf5 7.Nf3 e6 8.O-O Nbd7
9.Bf4 Qb4 10.Qc1 Be7 11.a3 Qb6 12.b4 O-O 13.Na4 Qa6 14.Nc5 Nxc5 15.bxc5 Nd5
16.Bd2 Bf6 17.Rd1 Be4 18.c4 Ne7 19.Bf4 Nf5 20.Qc3 b6 21.Ne5 Bxg2 22.Kxg2 bxc5
23.dxc5 Rfd8  0-1